000 00569nam a2200193 a 4500
005 20140310183426.0
008 070927s19uu xx 00 eng d
020 _a9780071263610
050 _aTK 5105.59
_b.F672 2008
100 _aForouzan, Behroouz
245 _aCryptography and network security /
_cBehroouz Forouzan.
260 _aU.S.A :
_bMcGraw-Hill, Inc,
_c2008.
300 _a721 p. :
_bill. ;
_c24 cm.
521 _aIT
650 _aComputer networks.
650 _aData encryption (Computer science).
942 _cBK
_2lcc
_kFOR
999 _c22645
_d22645